[Event "DEN-chT 1617 55th"]
[Site "Denmark"]
[Date "2017.01.08"]
[Round "5.3"]
[White "Rasmussen, Allan Stig"]
[Black "Carstensen, Jacob"]
[Result "1-0"]
[WhiteElo "2513"]
[BlackElo "2380"]
[PlyCount "51"]
[EventDate "2016.10.29"]
[EventType "team-tourn"]
[EventRounds "9"]
[EventCountry "DEN"]
[SourceTitle "EXT 2018"]
[Source "ChessBase"]
[SourceDate "2017.10.13"]
[SourceVersion "1"]
[SourceVersionDate "2017.10.13"]
[SourceQuality "1"]
[WhiteTeam "Jetsmark"]
[BlackTeam "Bronshoj"]
[WhiteTeamCountry "DEN"]
[BlackTeamCountry "DEN"]

1. e4 c5 2. Nf3 Nc6 3. Bb5 e6 4. Bxc6 bxc6 5. 0-0 d5 6. d3 Nf6 7. Qe2 Be7 8. e5 Nd7 9. c4 0-0 10. Nc3 Kh8 11. Bf4 d4 12. Ne4 f5 13. exf6 gxf6 14. Rae1 e5 15. Bh6 Rg8 16. Nh4 Nf8 17. f4 Bg4 18. Qf2 Ng6 19. f5 Nf8 20. Bxf8 Qxf8 21. Ng6+ hxg6 22. Qh4+ Bh5 23. fxg6 Rxg6 24. Rf5 Qg7 25. Rxh5+ Kg8 26. Qh3 1-0

[Event "DEN-chT 1617 55th"]
[Site "Denmark"]
[Date "2016.10.29"]
[Round "1.5"]
[White "Schmidt, Kresten"]
[Black "Carstensen, Jacob"]
[Result "0-1"]
[WhiteElo "2215"]
[BlackElo "2380"]
[PlyCount "114"]
[EventDate "2016.10.29"]
[EventType "team-tourn"]
[EventRounds "9"]
[EventCountry "DEN"]
[SourceTitle "EXT 2018"]
[Source "ChessBase"]
[SourceDate "2017.10.13"]
[SourceVersion "1"]
[SourceVersionDate "2017.10.13"]
[SourceQuality "1"]
[WhiteTeam "Valby K41"]
[BlackTeam "Bronshoj"]
[WhiteTeamCountry "DEN"]
[BlackTeamCountry "DEN"]

1. e4 c5 2. Nf3 e6 3. b3 Nf6 4. e5 Nd5 5. Bb2 Nc6 6. Bb5 Qc7 7. 0-0 b6 8. Re1 Bb7 9. Nc3 Nxc3 10. dxc3 Be7 11. Qe2 f5 12. Ba6 Bxa6 13. Qxa6 g5 14. Qe2 0-0-0 15. Nd2 Na5 16. a3 h5 17. b4 Nb7 18. Qa6 Kb8 19. Nc4 Qc6 20. b5 Qd5 21. Qa4 Na5 22. Nxa5 bxa5 23. c4 Qb7 24. Qxa5 h4 25. Qa6 Qxa6 26. bxa6 Kc7 27. Bc3 Rb8 28. Ba5+ Kc6 29. Rab1 g4 30. a4 Rxb1 31. Rxb1 Bd8 32. Bxd8 Rxd8 33. Rb7 h3 34. Kf1 hxg2+ 35. Kxg2 Ra8 36. Kg3 Rh8 37. h4 gxh3 38. Kh2 Rh4 39. a5 Rxc4 40. Rxa7 Ra4 41. Kxh3 Rxa5 42. Ra8 Kd5 43. a7 Kxe5 44. Rc8 Rxa7 45. Rxc5+ d5 46. Kg3 Ra4 47. Rc3 Rc4 48. Re3+ Kf6 49. Re2 e5 50. f3 f4+ 51. Kg4 Rc8 52. Rd2 Rg8+ 53. Kh4 Kf5 54. Kh3 Rg3+ 55. Kh4 Rxf3 56. Rxd5 Rf2 57. c4 Rh2# 0-1

[Event "Kolding Sondex Cup Gp2"]
[Site "Kolding"]
[Date "2016.04.10"]
[Round "5"]
[White "Carstensen, Jacob"]
[Black "Haub, Thorsten Michael"]
[Result "1/2-1/2"]
[WhiteElo "2367"]
[BlackElo "2359"]
[PlyCount "25"]
[EventDate "2016.04.08"]
[EventType "tourn"]
[EventRounds "5"]
[EventCountry "DEN"]
[EventCategory "5"]
[SourceTitle "CBM 171 Extra"]
[Source "ChessBase"]
[SourceDate "2016.04.26"]
[SourceVersion "1"]
[SourceVersionDate "2016.04.26"]
[SourceQuality "1"]

1. e4 g6 2. d4 Bg7 3. Nc3 d6 4. Be3 a6 5. Qd2 Nd7 6. h4 h6 7. 0-0-0 e6 8. f4 Ndf6 9. Nf3 h5 10. Ng5 d5 11. Be2 Nh6 12. Bf3 b5 13. Rhe1 1/2-1/2

[Event "Kolding Sondex Cup Gp2"]
[Site "Kolding"]
[Date "2016.04.10"]
[Round "4"]
[White "Fries Nielsen, Jens Ove"]
[Black "Carstensen, Jacob"]
[Result "0-1"]
[WhiteElo "2389"]
[BlackElo "2367"]
[PlyCount "60"]
[EventDate "2016.04.08"]
[EventType "tourn"]
[EventRounds "5"]
[EventCountry "DEN"]
[EventCategory "5"]
[SourceTitle "CBM 171 Extra"]
[Source "ChessBase"]
[SourceDate "2016.04.26"]
[SourceVersion "1"]
[SourceVersionDate "2016.04.26"]
[SourceQuality "1"]

1. e3 d5 2. Nf3 Nf6 3. c4 g6 4. cxd5 Nxd5 5. Qb3 Bg7 6. Bc4 e6 7. d4 0-0 8. 0-0 Nc6 9. Bd2 Nb6 10. Bb5 Bd7 11. Rd1 a6 12. Bf1 Nxd4 13. Nxd4 Ba4 14. Qd3 Bxd1 15. Nc3 Bh5 16. Qc2 c5 17. Nb3 Rc8 18. Ne4 Nd5 19. a3 c4 20. Nd4 e5 21. Ne2 Bg4 22. Rd1 Be6 23. N2c3 Qb6 24. Nxd5 Bxd5 25. Nc3 Be6 26. e4 Rfd8 27. Nd5 Bxd5 28. exd5 Rxd5 29. Be3 Qe6 30. Rc1 b5 0-1

[Event "DEN-ch Blitz final Gr 2"]
[Site "Svendborg"]
[Date "2016.03.25"]
[Round "2"]
[White "Borbjerggaard, Lars"]
[Black "Carstensen, Jacob"]
[Result "0-1"]
[WhiteElo "2308"]
[BlackElo "2368"]
[PlyCount "113"]
[EventDate "2016.03.25"]
[EventType "tourn (blitz)"]
[EventRounds "7"]
[EventCountry "DEN"]
[SourceTitle "EXT 2023"]
[Source "ChessBase"]
[SourceDate "2022.10.05"]
[SourceVersion "1"]
[SourceVersionDate "2022.10.05"]
[SourceQuality "1"]

1. d4 Nf6 2. Bg5 e6 3. Nd2 h6 4. Bh4 d5 5. e3 c5 6. c3 Nc6 7. Bd3 Be7 8. Ngf3 Nd7 9. Bg3 0-0 10. 0-0 b6 11. Qe2 cxd4 12. exd4 Bb7 13. Ne5 Ncxe5 14. Bxe5 Nxe5 15. Qxe5 Bf6 16. Qe3 Qd6 17. f4 g6 18. Nf3 Bg7 19. Ne5 Rae8 20. Rae1 Qe7 21. g3 Kh7 22. h4 f5 23. Kg2 Bf6 24. Rh1 Qg7 25. g4 Bxe5 26. fxe5 f4 27. Qh3 f3+ 28. Kf2 Kg8 29. Re3 Rf4 30. Rg1 Ref8 31. Rg3 g5 32. h5 Qf7 33. Rgxf3 Kg7 34. Qg3 Rxf3+ 35. Rxf3 Qxf3+ 36. Qxf3 Rxf3+ 37. Kxf3 Kf8 38. Ke3 Ke7 39. b3 Bc6 40. a4 a5 41. c4 dxc4 42. Bxc4 Bg2 43. Be2 Bd5 44. Bc4 Bg2 45. Kd2 Bf3 46. Be2 Bd5 47. Kc3 Kd7 48. b4 Ke7 49. Bd1 Kd7 50. Be2 Ke7 51. Bd1 Bc6 52. Kc4 Kd7 53. bxa5 bxa5 54. Kc5 Kc7 55. Bb3 Bf3 56. Bxe6 Kd8 57. d5 0-1

[Event "DEN-ch Blitz final"]
[Site "Svendborg"]
[Date "2016.03.25"]
[Round "1.2"]
[White "Rasmussen, Allan Stig"]
[Black "Carstensen, Jacob"]
[Result "1-0"]
[WhiteElo "2496"]
[BlackElo "2368"]
[PlyCount "119"]
[EventDate "2016.03.25"]
[EventType "k.o. (blitz)"]
[EventRounds "2"]
[EventCountry "DEN"]
[SourceTitle "EXT 2023"]
[Source "ChessBase"]
[SourceDate "2022.10.05"]
[SourceVersion "1"]
[SourceVersionDate "2022.10.05"]
[SourceQuality "1"]

1. d4 Nf6 2. Nf3 e6 3. Bg5 h6 4. Bh4 c5 5. c3 Nc6 6. e3 d5 7. Nbd2 Be7 8. Bd3 0-0 9. 0-0 Nd7 10. Bg3 Bf6 11. Bd6 Be7 12. Bg3 b6 13. Qa4 Bb7 14. Ba6 Qc8 15. Bd3 Bf6 16. Rac1 a6 17. e4 b5 18. Qd1 dxe4 19. Nxe4 Be7 20. Nd6 Bxd6 21. Bxd6 Rd8 22. dxc5 Nf6 23. Qe2 Ne8 24. Bg3 Ne7 25. b4 Nd5 26. Ne5 Nef6 27. a3 Ne7 28. Bh4 Ned5 29. Bg3 Bc6 30. Rfe1 Qb7 31. Nxc6 Qxc6 32. c4 bxc4 33. Bxc4 Ne7 34. Be5 Nfd5 35. Red1 Ng6 36. Bd6 Nf6 37. g3 e5 38. Qd3 e4 39. Qd4 Qd7 40. Bd5 Nxd5 41. Qxd5 Qg4 42. Rd4 Re8 43. h3 Qf3 44. Re1 Re6 45. Rdxe4 Rf6 46. Qxa8+ Kh7 47. R1e2 Qxa3 48. Re8 Qa1+ 49. Kg2 Qc3 50. Be5 Nxe5 51. R8xe5 Qxb4 52. Qe4+ Qxe4+ 53. R2xe4 Rc6 54. Rd4 f6 55. Red5 Kg6 56. Rb4 a5 57. Rb6 Rc7 58. c6 a4 59. Rd7 Ra7 60. Rxa7 1-0

[Event "SWE-chT 1516 Superettan"]
[Site "Sweden"]
[Date "2016.02.27"]
[Round "6"]
[White "Jobava, Baadur"]
[Black "Carstensen, Jacob"]
[Result "1-0"]
[WhiteElo "2671"]
[BlackElo "2335"]
[PlyCount "95"]
[EventDate "2015.11.06"]
[EventType "team-tourn"]
[EventRounds "9"]
[EventCountry "SWE"]
[SourceTitle "EXT 2018"]
[Source "ChessBase"]
[SourceDate "2017.10.13"]
[SourceVersion "1"]
[SourceVersionDate "2017.10.13"]
[SourceQuality "1"]
[WhiteTeam "Malmo"]
[BlackTeam "Vaxjo"]
[WhiteTeamCountry "SWE"]
[BlackTeamCountry "SWE"]

1. b3 e5 2. Bb2 Nc6 3. e3 Nf6 4. Bb5 Bd6 5. Na3 a6 6. Bxc6 dxc6 7. Nc4 Qe7 8. h3 0-0 9. Ne2 b5 10. Nxd6 cxd6 11. 0-0 Nd5 12. a4 Be6 13. e4 Nb6 14. a5 Nd7 15. d4 f6 16. Ng3 d5 17. exd5 cxd5 18. Qe1 Rfc8 19. dxe5 Rxc2 20. exf6 Nxf6 21. Nf5 Qf7 22. Nd4 Rxb2 23. Qc3 Bxh3 24. gxh3 Ne4 25. Qxb2 Qg6+ 26. Kh1 Rf8 27. Rg1 Qh5 28. Rg2 Qxh3+ 29. Rh2 Qd3 30. Rg1 g6 31. f3 Rxf3 32. Qe2 Qxe2 33. Nxe2 Rxb3 34. Rd1 Ra3 35. Rxd5 Rxa5 36. Rd7 Ra1+ 37. Kg2 Nf6 38. Rb7 Ra2 39. Kf3 h5 40. Rh1 Ra3+ 41. Kf4 Nh7 42. Rd1 g5+ 43. Ke4 Ra4+ 44. Kf5 Ra2 45. Rd8+ Nf8 46. Kf6 Rxe2 47. Rg7+ Kh8 48. Rxf8# 1-0

[Event "SWE-chT 1516 Superettan"]
[Site "Sweden"]
[Date "2016.01.16"]
[Round "4"]
[White "Carstensen, Jacob"]
[Black "Arnelind, Mikael"]
[Result "1-0"]
[WhiteElo "2335"]
[BlackElo "2190"]
[PlyCount "95"]
[EventDate "2015.11.06"]
[EventType "team-tourn"]
[EventRounds "9"]
[EventCountry "SWE"]
[SourceTitle "EXT 2018"]
[Source "ChessBase"]
[SourceDate "2017.10.13"]
[SourceVersion "1"]
[SourceVersionDate "2017.10.13"]
[SourceQuality "1"]
[WhiteTeam "Vaxjo"]
[BlackTeam "Orgryte"]
[WhiteTeamCountry "SWE"]
[BlackTeamCountry "SWE"]

1. Nf3 Nf6 2. c4 e6 3. Nc3 d5 4. d4 c6 5. e3 Nbd7 6. Bd3 Be7 7. 0-0 Qc7 8. b3 a6 9. Bb2 b5 10. cxd5 cxd5 11. Rc1 Qb8 12. Ne5 Nxe5 13. dxe5 Nd7 14. Qg4 g6 15. Ne2 Bb7 16. f4 Nc5 17. Bb1 b4 18. Bd4 h5 19. Qh3 Ne4 20. Bxe4 dxe4 21. Bc5 Bxc5 22. Rxc5 Qd8 23. Nd4 Qb6 24. Rfc1 Rd8 25. Qh4 0-0 26. Qf6 Rd5 27. Rxd5 Bxd5 28. f5 Qd8 29. Qxd8 Rxd8 30. f6 Ra8 31. Kf2 a5 32. Kg3 a4 33. h4 Kf8 34. Rc5 Ke8 35. Rb5 axb3 36. axb3 Kd7 37. Rxb4 Kc7 38. Ra4 Rb8 39. Kf4 Rb7 40. Ra8 Rxb3 41. Rf8 Rb2 42. Rxf7+ Kd8 43. Kg3 Bc4 44. Rg7 Ke8 45. Rxg6 Bf1 46. Rg8+ Kf7 47. Rg7+ Ke8 48. Re7+ 1-0

[Event "DEN-chT 1516 54th"]
[Site "Denmark"]
[Date "2016.01.10"]
[Round "5.6"]
[White "Carstensen, Jacob"]
[Black "Aagaard, Jacob"]
[Result "1/2-1/2"]
[WhiteElo "2352"]
[BlackElo "2498"]
[PlyCount "108"]
[EventDate "2015.10.31"]
[EventType "team-tourn"]
[EventRounds "9"]
[EventCountry "DEN"]
[SourceTitle "CBM 170 Extra"]
[Source "ChessBase"]
[SourceDate "2016.02.25"]
[SourceVersion "1"]
[SourceVersionDate "2016.02.25"]
[SourceQuality "1"]
[WhiteTeam "Bronshoj"]
[BlackTeam "Philidor"]
[WhiteTeamCountry "DEN"]
[BlackTeamCountry "DEN"]

1. d4 Nf6 2. c4 e6 3. Nc3 d5 4. cxd5 exd5 5. Bg5 c6 6. e3 Be7 7. Bd3 Nbd7 8. Qc2 Nh5 9. Bxe7 Qxe7 10. 0-0-0 Nb6 11. Nf3 Be6 12. Kb1 0-0-0 13. Nd2 g6 14. Nb3 Ng7 15. Nc5 Bf5 16. N3a4 Kb8 17. Bxf5 Nxf5 18. Qb3 Qc7 19. Nxb6 axb6 20. Na4 b5 21. Nc5 Nd6 22. Qb4 Qb6 23. Rc1 Kc7 24. b3 Ra8 25. e4 dxe4 26. Nxe4 Nxe4 27. Qe7+ Kb8 28. Qxe4 Rd8 29. Rhd1 f5 30. Qe7 Qc7 31. Qxc7+ Kxc7 32. d5 Re8 33. dxc6 bxc6 34. Rd5 Re2 35. Rdc5 Rexa2 36. Rxc6+ Kd7 37. Rc7+ Kd6 38. R1c5 R8a6 39. R7c6+ Rxc6 40. Rxc6+ Kxc6 41. Kxa2 b4 42. Kb2 Kd5 43. Kc2 Ke4 44. h4 h6 45. Kd2 Kd4 46. Kc2 Ke4 47. Kd2 Kd4 48. Kc2 g5 49. hxg5 hxg5 50. Kd2 g4 51. g3 Ke4 52. Ke2 Kd4 53. Kd2 Ke4 54. Ke2 Kd4 1/2-1/2

[Event "DEN-chT 1516 54th"]
[Site "Denmark"]
[Date "2015.11.01"]
[Round "2"]
[White "Klitgaard, Thomas"]
[Black "Carstensen, Jacob"]
[Result "1/2-1/2"]
[WhiteElo "2230"]
[BlackElo "2352"]
[PlyCount "41"]
[EventDate "2015.10.31"]
[EventType "team-tourn"]
[EventRounds "9"]
[EventCountry "DEN"]
[SourceTitle "CBM 169 Extra"]
[Source "ChessBase"]
[SourceDate "2015.12.18"]
[SourceVersion "1"]
[SourceVersionDate "2015.12.18"]
[SourceQuality "1"]
[WhiteTeam "Nordre"]
[BlackTeam "Bronshoj"]
[WhiteTeamCountry "DEN"]
[BlackTeamCountry "DEN"]

1. d4 Nf6 2. c4 e6 3. Nc3 Bb4 4. e3 c5 5. Nge2 cxd4 6. exd4 d5 7. a3 Bxc3+ 8. Nxc3 dxc4 9. Bxc4 Nc6 10. Be3 0-0 11. 0-0 b6 12. Qd3 Bb7 13. Rfd1 h6 14. Bf4 Ne7 15. Qh3 Ned5 16. Bxh6 gxh6 17. Qxh6 Ng4 18. Qh5 Ngf6 19. Qh6 Ng4 20. Qh5 Ngf6 21. Qh6 1/2-1/2